[Event "Police Gniota Memorial 22nd"]
[Site "Police"]
[Date "2007.07.13"]
[Round "3"]
[White "Urban, Klaudiusz"]
[Black "Ejsmont, Krzysztof"]
[Result "0-1"]
[WhiteElo "2481"]
[BlackElo "2367"]
[PlyCount "81"]
[EventDate "2007.07.11"]
[EventType "swiss"]
[EventRounds "9"]
[EventCountry "POL"]
[SourceTitle "CBM 119 Extra"]
[Source "ChessBase"]
[SourceDate "2007.09.04"]
[SourceVersion "1"]
[SourceVersionDate "2007.09.04"]
[SourceQuality "1"]

1. d4 Nf6 2. c4 e6 3. Nc3 Bb4 4. e3 c5 5. Bd3 d5 6. cxd5 Nxd5 7. Nge2 Nc6 8. 0-0 cxd4 9. exd4 0-0 10. Nxd5 Qxd5 11. Be3 Ne7 12. a3 Bd6 13. Nc3 Qa5 14. b4 Qd8 15. Qf3 Nf5 16. Bxf5 exf5 17. Bf4 a5 18. b5 Bxf4 19. Qxf4 Bd7 20. Rab1 Rc8 21. Nd5 Re8 22. Rfd1 Be6 23. Ne3 g5 24. Qf3 f4 25. d5 Bd7 26. Nf1 Bf5 27. Rb2 Qd6 28. Qh5 f6 29. Qf3 Be4 30. Qb3 Re5 31. Rbd2 Kg7 32. h4 h5 33. Qa4 gxh4 34. Re1 Rce8 35. Qxa5 h3 36. f3 Bd3 37. Rxe5 Rxe5 38. Rxd3 Qc5+ 39. Kh2 hxg2 40. Ne3 fxe3 41. Qe1 0-1

[Event "Kowalewo Pomorskie op-A"]
[Site "Kowalewo Pomorskie"]
[Date "2007.07.04"]
[Round "1"]
[White "Ejsmont, Krzysztof"]
[Black "Krasiewicz, Robert"]
[Result "1-0"]
[WhiteElo "2367"]
[BlackElo "2042"]
[PlyCount "61"]
[EventDate "2007.07.04"]
[EventType "swiss"]
[EventRounds "9"]
[EventCountry "POL"]
[SourceTitle "CBM 119 Extra"]
[Source "ChessBase"]
[SourceDate "2007.09.04"]
[SourceVersion "1"]
[SourceVersionDate "2007.09.04"]
[SourceQuality "1"]

1. e4 e6 2. d4 d5 3. Nc3 Nf6 4. e5 Nfd7 5. f4 c5 6. Nf3 Nc6 7. Be3 a6 8. Qd2 b5 9. a3 Qb6 10. Ne2 a5 11. dxc5 Bxc5 12. Ned4 Ba6 13. c3 0-0 14. b4 Bxd4 15. Nxd4 Nxd4 16. Bxd4 Qc7 17. Bd3 axb4 18. axb4 Nb6 19. 0-0 Nc4 20. Qf2 Bb7 21. Rae1 Bc8 22. Qh4 g6 23. Rf3 Ra2 24. Rh3 f5 25. exf6 e5 26. fxe5 Bxh3 27. Qxh3 Ra6 28. e6 Nd6 29. Bxg6 hxg6 30. f7+ Nxf7 31. exf7+ 1-0

[Event "POL-chT 62th"]
[Site "Ustron"]
[Date "2006.09.04"]
[Round "3"]
[White "Fedorchuk, Sergey A"]
[Black "Ejsmont, Krzysztof"]
[Result "1-0"]
[WhiteElo "2592"]
[BlackElo "2348"]
[PlyCount "79"]
[EventDate "2006.09.02"]
[EventType "team-tourn"]
[EventRounds "9"]
[EventCountry "POL"]
[SourceTitle "EXT 2019"]
[Source "ChessBase"]
[SourceDate "2018.10.10"]
[SourceVersion "1"]
[SourceVersionDate "2018.10.10"]
[SourceQuality "1"]
[WhiteTeam "Jaworzno JKSz MCKiS"]
[BlackTeam "Czestochowa Hetman"]
[WhiteTeamCountry "POL"]
[BlackTeamCountry "POL"]

1. e4 c5 2. Nf3 Nc6 3. Bb5 e6 4. 0-0 Nge7 5. c3 a6 6. Ba4 b5 7. Bc2 d5 8. Qe2 Bb7 9. e5 d4 10. Be4 Nd5 11. d3 Be7 12. c4 bxc4 13. dxc4 Nb6 14. Ne1 Rb8 15. Nd2 Qc7 16. Nd3 a5 17. f4 Nb4 18. Nxb4 axb4 19. a4 Bxe4 20. Nxe4 0-0 21. Rf3 Nd7 22. Rh3 Rfd8 23. Bd2 b3 24. a5 Qc6 25. Ra3 Qa6 26. Raxb3 Rxb3 27. Rxb3 Rb8 28. Qd3 Rxb3 29. Qxb3 f5 30. exf6 Nxf6 31. Nf2 Qa8 32. Qb6 Kf7 33. a6 Nd7 34. Qb7 Qxb7 35. axb7 Ke8 36. Nd3 Bd6 37. b4 cxb4 38. Bxb4 Bc7 39. Bc5 Bb8 40. Bxd4 1-0

[Event "Rewal op 11th"]
[Site "Rewal"]
[Date "2006.08.28"]
[Round "10"]
[White "Ejsmont, Krzysztof"]
[Black "Tazbir, Marcin"]
[Result "0-1"]
[WhiteElo "2353"]
[BlackElo "2425"]
[PlyCount "176"]
[EventDate "2006.08.21"]
[EventType "swiss"]
[EventRounds "11"]
[EventCountry "POL"]
[SourceTitle "EXT 2010"]
[Source "ChessBase"]
[SourceDate "2010.11.25"]
[SourceVersion "1"]
[SourceVersionDate "2010.11.25"]
[SourceQuality "1"]

1. e4 e5 2. Nf3 Nc6 3. Bb5 a6 4. Ba4 Nf6 5. 0-0 Be7 6. Re1 b5 7. Bb3 0-0 8. h3 d6 9. c3 Rb8 10. d4 exd4 11. cxd4 d5 12. e5 Ne4 13. Nbd2 Bf5 14. Bc2 Bb4 15. Nxe4 dxe4 16. Bxe4 Qd7 17. Bxf5 Qxf5 18. Re2 Rbd8 19. Be3 Ba5 20. Rc1 Ne7 21. Bg5 Rfe8 22. Qb3 Bb6 23. Qa3 Qe6 24. Qxa6 Qd5 25. Qa3 Ra8 26. Qd3 Rxa2 27. Bxe7 Rxe7 28. Ng5 g6 29. Rd1 Qc4 30. Qf3 h6 31. Ne4 Bxd4 32. Nf6+ Kg7 33. Re4 c5 34. Nh5+ Kf8 35. Qf6 Ke8 36. Qh8+ Kd7 37. Nf6+ Kc7 38. Qf8 Qe6 39. Nd5+ Qxd5 40. Qxe7+ Qd7 41. Qf8 Rxb2 42. Rexd4 cxd4 43. Qc5+ Kb7 44. Rxd4 Qc7 45. Qd5+ Ka7 46. Rd1 Rb4 47. Ra1+ Kb6 48. Rd1 Rc4 49. Qf3 Qxe5 50. Qxf7 Rc6 51. Qf8 g5 52. Qa8 Qc7 53. Qa3 Rc3 54. Rd6+ Rc6 55. Qe3+ Kb7 56. Rd1 Qf4 57. Qe7+ Kb6 58. g3 Qc4 59. Qd8+ Kb7 60. Ra1 Rc7 61. Qa8+ Kb6 62. Ra6+ Kc5 63. Qf8+ Kd4 64. Qxh6 b4 65. Rd6+ Kc5 66. Rd1 b3 67. Qxg5+ Kb4 68. Qd2+ Qc3 69. Qd6+ Rc5 70. Qb6+ Ka3 71. Qa6+ Ra5 72. Qd6+ Ka2 73. h4 b2 74. Qb6 Ra3 75. Qe6+ Qb3 76. Qe2 Qf3 77. Qxf3 Rxf3 78. Kg2 Rf8 79. h5 b1Q 80. Rxb1 Kxb1 81. g4 Kc2 82. g5 Kd3 83. f3 Rf5 84. Kh3 Rxg5 85. Kh4 Rg1 86. h6 Kd4 87. Kh5 Ke5 88. h7 Ke6 0-1

[Event "Rewal op 11th"]
[Site "Rewal"]
[Date "2006.08.24"]
[Round "5"]
[White "Swiercz, Dariusz"]
[Black "Ejsmont, Krzysztof"]
[Result "1/2-1/2"]
[WhiteElo "2311"]
[BlackElo "2353"]
[PlyCount "133"]
[EventDate "2006.08.21"]
[EventType "swiss"]
[EventRounds "11"]
[EventCountry "POL"]
[SourceTitle "EXT 2010"]
[Source "ChessBase"]
[SourceDate "2010.11.25"]
[SourceVersion "1"]
[SourceVersionDate "2010.11.25"]
[SourceQuality "1"]

1. e4 e5 2. Nf3 Nc6 3. Bc4 Nf6 4. d3 Bc5 5. c3 a6 6. Nbd2 0-0 7. 0-0 Ba7 8. Bb3 d6 9. Re1 Ng4 10. Re2 Kh8 11. h3 Nh6 12. Nf1 f5 13. Bxh6 gxh6 14. exf5 Bxf5 15. Bd5 Qd7 16. d4 exd4 17. Bxc6 bxc6 18. Nxd4 Bg6 19. Qd2 h5 20. Rae1 Rae8 21. Qh6 Qf7 22. Rxe8 Rxe8 23. Rxe8+ Qxe8 24. Nxc6 Bb6 25. Nd4 Kg8 26. Qe3 Qf7 27. a3 Qa2 28. Qe6+ Qxe6 29. Nxe6 Bf7 30. Nf4 d5 31. Ng3 d4 32. Nge2 c5 33. cxd4 cxd4 34. Nc1 a5 35. Ncd3 a4 36. h4 Bc4 37. g3 Bc7 38. Ne1 Bxf4 39. gxf4 Kf7 40. Nf3 Ke6 41. Nxd4+ Kd5 42. Nf3 Bb5 43. f5 Be8 44. f6 Ke6 45. Ng5+ Kxf6 46. Nxh7+ Ke5 47. Kg2 Kd4 48. Nf6 Bf7 49. Nd7 Be8 50. Nf6 Bf7 51. Kg3 Kc4 52. Nd7 Be8 53. Nb6+ Kb3 54. Kf4 Kxb2 55. Nxa4+ Bxa4 56. Kg5 Be8 57. a4 Bxa4 58. Kxh5 Kc3 59. Kg5 Kd4 60. f4 Bc2 61. h5 Bh7 62. f5 Ke5 63. f6 Ke6 64. Kh6 Kxf6 65. Kxh7 Kf7 66. h6 Kf8 67. Kh8 1/2-1/2

[Event "Rewal op 11th"]
[Site "Rewal"]
[Date "2006.08.21"]
[Round "1"]
[White "Jagodzinski, Piotr"]
[Black "Ejsmont, Krzysztof"]
[Result "0-1"]
[WhiteElo "2050"]
[BlackElo "2353"]
[PlyCount "104"]
[EventDate "2006.08.21"]
[EventType "swiss"]
[EventRounds "11"]
[EventCountry "POL"]
[SourceTitle "EXT 2010"]
[Source "ChessBase"]
[SourceDate "2010.11.25"]
[SourceVersion "1"]
[SourceVersionDate "2010.11.25"]
[SourceQuality "1"]

1. e4 c5 2. Nf3 Nc6 3. d4 cxd4 4. Nxd4 Nf6 5. Nc3 e5 6. Ndb5 d6 7. Bg5 a6 8. Na3 b5 9. Nd5 Be7 10. Bxf6 Bxf6 11. c3 Bg5 12. Nc2 0-0 13. h4 Bh6 14. Nce3 Bxe3 15. Nxe3 Ne7 16. Bd3 Bb7 17. Qg4 d5 18. exd5 Nxd5 19. 0-0-0 Nf6 20. Qg5 Qc7 21. Nf5 Ne8 22. Ne7+ Kh8 23. Bxh7 e4 24. Bf5 Nf6 25. Rd7 Qb6 26. Ng6+ Kg8 27. Nxf8 Rxf8 28. Rd4 b4 29. Rxb4 Qxf2 30. Rxb7 e3 31. h5 e2 32. h6 e1R+ 33. Rxe1 Qxe1+ 34. Kc2 Qe2+ 35. Kb3 Ne8 36. Rb8 g6 37. Bc2 Qe6+ 38. c4 Kh7 39. Qd5 Nc7 40. Qb7 Qe3+ 41. Ka4 Ne6 42. b4 Qf2 43. Bb3 Rxb8 44. Qxb8 Qxg2 45. c5 Qc6+ 46. Ka5 Nd8 47. Bd5 Qxd5 48. Kxa6 Qxa2+ 49. Kb6 Qe6+ 50. Kb5 Qc6+ 51. Kc4 Ne6 52. Qe5 Qa4 0-1

[Event "Pardubice op-A"]
[Site "Pardubice"]
[Date "2006.07.29"]
[Round "9"]
[White "Ejsmont, Krzysztof"]
[Black "Kovacevic, Blazimir"]
[Result "0-1"]
[WhiteElo "2348"]
[BlackElo "2490"]
[PlyCount "54"]
[EventDate "2006.07.21"]
[EventType "swiss"]
[EventRounds "9"]
[EventCountry "CZE"]
[SourceTitle "CBM 113 Extra"]
[Source "ChessBase"]
[SourceDate "2006.09.14"]
[SourceVersion "1"]
[SourceVersionDate "2006.09.14"]
[SourceQuality "1"]

1. e4 c5 2. Nf3 e6 3. d4 cxd4 4. Nxd4 a6 5. Nc3 Qc7 6. Bd3 Nf6 7. 0-0 Bc5 8. Be3 d6 9. Re1 0-0 10. Kh1 b5 11. a3 Bb7 12. f4 Nbd7 13. Qf3 Rfe8 14. Rad1 Rac8 15. Nce2 e5 16. Nf5 Bxe3 17. Qxe3 g6 18. fxe5 Rxe5 19. Nh6+ Kg7 20. Ng3 d5 21. Qf4 dxe4 22. Bxe4 Rxe4 23. Ngf5+ Kf8 24. Rxe4 Bxe4 25. Nd6 Qxc2 26. Rg1 Bxg2+ 27. Rxg2 Qc1+ 0-1

[Event "Warsaw AIG Life rapid"]
[Site "Warsaw"]
[Date "2005.12.17"]
[Round "6"]
[White "Ejsmont, Krzysztof"]
[Black "Deviatkin, Andrei"]
[Result "1/2-1/2"]
[WhiteElo "2395"]
[BlackElo "2528"]
[PlyCount "43"]
[EventDate "2005.12.17"]
[EventType "swiss (rapid)"]
[EventRounds "13"]
[EventCountry "POL"]
[SourceTitle "CBM 110 Extra"]
[Source "ChessBase"]
[SourceDate "2006.03.10"]
[SourceVersion "2"]
[SourceVersionDate "2006.03.10"]
[SourceQuality "1"]

1. e4 c6 2. d4 d5 3. Nc3 dxe4 4. Nxe4 h6 5. Nf3 Bf5 6. Bd3 e6 7. Qe2 Nf6 8. 0-0 Bxe4 9. Bxe4 Nxe4 10. Qxe4 Nd7 11. b3 Bd6 12. c4 0-0 13. Bb2 Re8 14. Rad1 Qc7 15. Rfe1 Nf6 16. Qh4 Be7 17. Qh3 Rad8 18. Ne5 Bd6 19. Nf3 Be7 20. Ne5 Bd6 21. Nf3 Be7 22. Ne5 1/2-1/2

[Event "Warsaw AIG Life rapid"]
[Site "Warsaw"]
[Date "2005.12.17"]
[Round "8"]
[White "Ejsmont, Krzysztof"]
[Black "Swiercz, Dariusz"]
[Result "1/2-1/2"]
[WhiteElo "2395"]
[BlackElo "2146"]
[PlyCount "63"]
[EventDate "2005.12.17"]
[EventType "swiss (rapid)"]
[EventRounds "13"]
[EventCountry "POL"]
[SourceTitle "CBM 110 Extra"]
[Source "ChessBase"]
[SourceDate "2006.03.10"]
[SourceVersion "2"]
[SourceVersionDate "2006.03.10"]
[SourceQuality "1"]

1. e4 c5 2. Nf3 e6 3. d4 a6 4. Nc3 b5 5. Bd3 d6 6. 0-0 Nf6 7. a4 b4 8. Na2 e5 9. Bg5 Nc6 10. h3 Be7 11. c3 0-0 12. Bxf6 Rb8 13. cxb4 Bxf6 14. Bc4 Nxb4 15. Be6 fxe6 16. Qb3 Nd5 17. Qc4 Nf4 18. g3 d5 19. Qxa6 Rb6 20. Qa5 dxe4 21. Nxe5 Nxh3+ 22. Kg2 Rxb2 23. Qxd8 Rxd8 24. Nc4 Rxf2+ 25. Kxh3 Rc2 26. Na3 Rd2 27. Nc4 Rc2 28. Na3 Rd2 29. Nb5 Rd1 30. Raxd1 h5 31. Kg2 e3 32. Nd6 1/2-1/2

[Event "Warsaw AIG Life rapid"]
[Site "Warsaw"]
[Date "2005.12.17"]
[Round "3"]
[White "Socko, Bartosz"]
[Black "Ejsmont, Krzysztof"]
[Result "1-0"]
[WhiteElo "2610"]
[BlackElo "2395"]
[PlyCount "85"]
[EventDate "2005.12.17"]
[EventType "swiss (rapid)"]
[EventRounds "13"]
[EventCountry "POL"]
[SourceTitle "CBM 110 Extra"]
[Source "ChessBase"]
[SourceDate "2006.03.10"]
[SourceVersion "2"]
[SourceVersionDate "2006.03.10"]
[SourceQuality "1"]

1. e4 c5 2. Nf3 d6 3. d4 cxd4 4. Nxd4 Nf6 5. Nc3 a6 6. Be3 e6 7. f3 b5 8. Qd2 Nbd7 9. g4 h6 10. h4 Bb7 11. Rg1 b4 12. Na4 Nc5 13. Nxc5 dxc5 14. Nb3 Qc7 15. Bc4 Nd7 16. Qe2 Be7 17. 0-0-0 a5 18. g5 a4 19. Nd2 a3 20. Kb1 Qe5 21. bxa3 bxa3 22. c3 Qxc3 23. Nb3 Ne5 24. Bb5+ Kf8 25. gxh6 g6 26. Rd2 Qb4 27. Rc2 Nxf3 28. Qxf3 Bxe4 29. Qe2 Bxc2+ 30. Kxc2 Qe4+ 31. Bd3 Qe5 32. Bc1 Qxe2+ 33. Bxe2 Kg8 34. Bc4 Kh7 35. Nd2 Rhf8 36. Rf1 Rab8 37. Ne4 Bf6 38. Be3 Kg8 39. Rxf6 Ra8 40. Bf4 Ra7 41. Be5 Rb7 42. h7+ Kxh7 43. Rf1 1-0

[Event "Warsaw AIG Life rapid"]
[Site "Warsaw"]
[Date "2005.12.17"]
[Round "7"]
[White "Zezulkin, Jurij"]
[Black "Ejsmont, Krzysztof"]
[Result "1-0"]
[WhiteElo "2494"]
[BlackElo "2395"]
[PlyCount "63"]
[EventDate "2005.12.17"]
[EventType "swiss (rapid)"]
[EventRounds "13"]
[EventCountry "POL"]
[SourceTitle "CBM 110 Extra"]
[Source "ChessBase"]
[SourceDate "2006.03.10"]
[SourceVersion "2"]
[SourceVersionDate "2006.03.10"]
[SourceQuality "1"]

1. e4 c5 2. Nc3 d6 3. Nf3 Nf6 4. d4 cxd4 5. Nxd4 a6 6. Be3 e6 7. Qd2 b5 8. f3 Nbd7 9. g4 h6 10. 0-0-0 Bb7 11. h4 b4 12. Na4 Qa5 13. b3 Nc5 14. a3 Rc8 15. Qxb4 Qc7 16. Kb1 d5 17. Nxc5 Bxc5 18. Qa4+ Nd7 19. b4 Be7 20. exd5 Bxd5 21. Bxa6 0-0 22. Bxc8 Rxc8 23. Nf5 Bf6 24. Rxd5 exd5 25. g5 Be5 26. Ne7+ Kh7 27. Nxd5 Qc4 28. Qb3 Qc6 29. Qd3+ g6 30. h5 Bg7 31. Ne7 Qxf3 32. hxg6+ 1-0

[Event "POL-chT 1st League"]
[Site "Jarnoltowek"]
[Date "2005.09.03"]
[Round "1.2"]
[White "Ejsmont, Krzysztof"]
[Black "Kalinin, Oleg"]
[Result "1/2-1/2"]
[WhiteElo "2310"]
[BlackElo "2359"]
[PlyCount "61"]
[EventDate "2005.09.03"]
[EventType "team-tourn"]
[EventRounds "9"]
[EventCountry "POL"]
[SourceTitle "EXT 2019"]
[Source "ChessBase"]
[SourceDate "2018.10.10"]
[SourceVersion "1"]
[SourceVersionDate "2018.10.10"]
[SourceQuality "1"]
[WhiteTeam "Czestochowa Hetman"]
[BlackTeam "Dankowice Pasjonat"]
[WhiteTeamCountry "POL"]
[BlackTeamCountry "POL"]

1. e4 c5 2. Nf3 Nc6 3. d4 cxd4 4. Nxd4 e5 5. Nb5 d6 6. N1c3 a6 7. Na3 Be6 8. Nc4 b5 9. Ne3 Nf6 10. Bd3 g6 11. 0-0 Bg7 12. a4 b4 13. Ncd5 0-0 14. Bd2 a5 15. c3 bxc3 16. Nxf6+ Bxf6 17. Bxc3 Bg5 18. Bb5 Na7 19. Nd5 Rc8 20. Qd3 Bxd5 21. Qxd5 Rc5 22. Qd3 Qc7 23. Rfd1 Be7 24. Bd2 Nxb5 25. axb5 Qb8 26. Rxa5 Bd8 27. Ra6 Qxb5 28. Rxd6 Bc7 29. Qxb5 Rxb5 30. Rd7 Bd8 31. Bc3 1/2-1/2

[Event "Pardubice op-A"]
[Site "Pardubice"]
[Date "2005.07.25"]
[Round "4"]
[White "Zude, Erik"]
[Black "Ejsmont, Krzysztof"]
[Result "1/2-1/2"]
[WhiteElo "2424"]
[BlackElo "2310"]
[PlyCount "44"]
[EventDate "2005.07.22"]
[EventType "swiss"]
[EventRounds "9"]
[EventCountry "CZE"]
[SourceTitle "CBM 107 Extra"]
[Source "ChessBase"]
[SourceDate "2005.09.01"]
[SourceVersion "1"]
[SourceVersionDate "2005.09.01"]
[SourceQuality "1"]

1. d4 d5 2. c4 c6 3. Nc3 Nf6 4. Nf3 e6 5. Bg5 h6 6. Bxf6 Qxf6 7. e4 dxe4 8. Nxe4 Bb4+ 9. Ke2 Qf4 10. Qc2 Be7 11. g3 Qc7 12. Bg2 Nd7 13. Rhe1 c5 14. d5 Nf6 15. Nxf6+ Bxf6 16. Kf1 0-0 17. Rad1 Rd8 18. Nd2 Rb8 19. Ne4 Bd4 20. Nc3 a6 21. dxe6 Bxe6 22. Nd5 Qd6 1/2-1/2

[Event "Pardubice op-A"]
[Site "Pardubice"]
[Date "2005.07.22"]
[Round "1"]
[White "Ejsmont, Krzysztof"]
[Black "Gutman, Gennadi"]
[Result "1-0"]
[WhiteElo "2310"]
[BlackElo "2508"]
[PlyCount "97"]
[EventDate "2005.07.22"]
[EventType "swiss"]
[EventRounds "9"]
[EventCountry "CZE"]
[SourceTitle "CBM 107 Extra"]
[Source "ChessBase"]
[SourceDate "2005.09.01"]
[SourceVersion "1"]
[SourceVersionDate "2005.09.01"]
[SourceQuality "1"]

1. e4 e6 2. d4 d5 3. Nc3 Bb4 4. e5 c5 5. a3 Bxc3+ 6. bxc3 Qc7 7. Qg4 f5 8. Qg3 cxd4 9. cxd4 Ne7 10. Bd2 0-0 11. c3 Nbc6 12. Ne2 Na5 13. Bg5 Nec6 14. h4 Bd7 15. h5 Rac8 16. Bf6 Rxf6 17. exf6 Qxg3 18. Nxg3 gxf6 19. Bb5 Kf7 20. Ne2 a6 21. Bxc6 Bxc6 22. Rh3 Rg8 23. Rg3 Rxg3 24. Nxg3 f4 25. Ne2 e5 26. Nc1 Ke6 27. Nd3 b6 28. Nb4 Bb7 29. Rb1 Nc4 30. Nd3 Kf5 31. a4 a5 32. Rb3 Bc6 33. Nb2 Nxb2 34. Rxb2 Bxa4 35. Rxb6 h6 36. dxe5 Kxe5 37. Ra6 Be8 38. Rxa5 Bxh5 39. c4 Bf7 40. Ra7 Be6 41. cxd5 Bxd5 42. f3 Kf5 43. Ra5 Ke5 44. Kd2 h5 45. Kc3 h4 46. Kd3 f5 47. Kd2 h3 48. gxh3 Kd6 49. Ra6+ 1-0

[Event "POL-ch U20"]
[Site "Sroda Wielkopolska"]
[Date "2005.02.08"]
[Round "11"]
[White "Szoen, Dariusz"]
[Black "Ejsmont, Krzysztof"]
[Result "1-0"]
[WhiteElo "2465"]
[BlackElo "2356"]
[PlyCount "71"]
[EventDate "2005.01.31"]
[EventType "tourn"]
[EventRounds "11"]
[EventCountry "POL"]
[EventCategory "7"]
[SourceTitle "CBM 104 Extra"]
[Source "ChessBase"]
[SourceDate "2005.03.01"]
[SourceVersion "1"]
[SourceVersionDate "2005.03.01"]
[SourceQuality "1"]

1. e4 c5 2. Nf3 Nc6 3. Nc3 Nf6 4. Bb5 Qc7 5. 0-0 Nd4 6. Re1 a6 7. Bf1 e5 8. Nd5 Nxd5 9. exd5 d6 10. c3 Nxf3+ 11. Qxf3 g6 12. Qf6 Rg8 13. d4 Bg7 14. dxe5 dxe5 15. Qh4 Bf5 16. Bg5 h6 17. d6 Qxd6 18. Bf4 Be6 19. Bxh6 Bxh6 20. Qxh6 0-0-0 21. Qg5 Bf5 22. Qe3 f6 23. b4 cxb4 24. cxb4 Kb8 25. b5 a5 26. Rac1 Rh8 27. g3 Qd4 28. Qf3 Qg4 29. Qc3 Qb4 30. Qc7+ Ka8 31. a3 Qa4 32. Qb6 Rc8 33. Bg2 e4 34. Rxc8+ Rxc8 35. g4 Bd7 36. Bxe4 1-0

[Event "POL-ch U20"]
[Site "Sroda Wielkopolska"]
[Date "2005.02.06"]
[Round "8"]
[White "Ejsmont, Krzysztof"]
[Black "Stopa, Jacek"]
[Result "1/2-1/2"]
[WhiteElo "2356"]
[BlackElo "2334"]
[PlyCount "34"]
[EventDate "2005.01.31"]
[EventType "tourn"]
[EventRounds "11"]
[EventCountry "POL"]
[EventCategory "7"]
[SourceTitle "CBM 104 Extra"]
[Source "ChessBase"]
[SourceDate "2005.03.01"]
[SourceVersion "1"]
[SourceVersionDate "2005.03.01"]
[SourceQuality "1"]

1. d4 d5 2. c4 e6 3. Nc3 Nf6 4. Nf3 c6 5. e3 Nbd7 6. Qc2 a6 7. b3 Bd6 8. Bb2 0-0 9. Bd3 c5 10. cxd5 exd5 11. 0-0 Qc7 12. dxc5 Nxc5 13. Ne2 Nfe4 14. Ng3 Bg4 15. Rac1 Qe7 16. Nd4 Qh4 17. Be2 Be6 1/2-1/2

[Event "Warsaw AIG Life rapid"]
[Site "Warsaw"]
[Date "2004.12.18"]
[Round "?"]
[White "Ejsmont, Krzysztof"]
[Black "Volokitin, Andrei"]
[Result "1-0"]
[WhiteElo "2291"]
[BlackElo "2638"]
[PlyCount "97"]
[EventDate "2004.12.18"]
[EventType "swiss (rapid)"]
[EventRounds "9"]
[EventCountry "POL"]
[SourceTitle "CBM 103 Extra"]
[Source "ChessBase"]
[SourceDate "2005.01.01"]
[SourceVersion "1"]
[SourceVersionDate "2005.01.01"]
[SourceQuality "1"]

1. e4 c5 2. Nf3 e6 3. d4 cxd4 4. Nxd4 a6 5. c4 Nf6 6. Nc3 Bb4 7. Bd3 Nc6 8. Nde2 Qc7 9. Bf4 Ne5 10. 0-0 b6 11. Rc1 Bb7 12. a3 Bd6 13. Bg3 Nh5 14. Nd4 Nxg3 15. hxg3 h5 16. Be2 Be7 17. f4 h4 18. g4 Nc6 19. Nxc6 dxc6 20. e5 g5 21. Ne4 Rd8 22. Qc2 c5 23. fxg5 Qxe5 24. Bf3 h3 25. Rce1 hxg2 26. Qxg2 Bxe4 27. Bxe4 Qd4+ 28. Rf2 Bxg5 29. Qf3 Rf8 30. Bg6 Qd7 31. Qf5 Ke7 32. Qxg5+ f6 33. Qh6 Qd4 34. Qf4 Rg8 35. Bf5 e5 36. Qf3 Qd6 37. Ree2 Rg7 38. Rd2 Qxd2 39. Rxd2 Rxd2 40. Qb7+ Kf8 41. Qc8+ Ke7 42. Qe6+ Kd8 43. Qxf6+ Re7 44. Qf8+ Re8 45. Qf6+ Kc7 46. Qg7+ Kd8 47. Qg5+ Re7 48. Qxd2+ Kc7 49. Qd5 1-0

[Event "POL-ch U18"]
[Site "Leba"]
[Date "2004.04.04"]
[Round "11"]
[White "Ejsmont, Krzysztof"]
[Black "Zarychta, Krzysztof"]
[Result "1-0"]
[WhiteElo "2232"]
[BlackElo "2199"]
[PlyCount "43"]
[EventDate "2004.03.27"]
[EventType "swiss"]
[EventRounds "11"]
[EventCountry "POL"]
[SourceTitle "EXT 2005"]
[Source "ChessBase"]
[SourceDate "2004.11.15"]
[SourceVersion "1"]
[SourceVersionDate "2004.11.15"]
[SourceQuality "1"]

1. e4 c5 2. Nf3 d6 3. d4 cxd4 4. Nxd4 Nf6 5. Nc3 a6 6. Bc4 e6 7. Bb3 Nbd7 8. f4 Nc5 9. e5 dxe5 10. fxe5 Nfd7 11. Bf4 b5 12. Qh5 Qb6 13. 0-0-0 Bb7 14. Rhf1 Nxb3+ 15. axb3 Bc5 16. Nf3 0-0-0 17. Ng5 Be3+ 18. Bxe3 Qxe3+ 19. Kb1 g6 20. Qh4 Nxe5 21. Rde1 Qc5 22. Qg3 1-0

[Event "POL-ch U18"]
[Site "Leba"]
[Date "2004.04.02"]
[Round "9"]
[White "Ejsmont, Krzysztof"]
[Black "Szoen, Dariusz"]
[Result "0-1"]
[WhiteElo "2232"]
[BlackElo "2284"]
[PlyCount "44"]
[EventDate "2004.03.27"]
[EventType "swiss"]
[EventRounds "11"]
[EventCountry "POL"]
[SourceTitle "EXT 2005"]
[Source "ChessBase"]
[SourceDate "2004.11.15"]
[SourceVersion "1"]
[SourceVersionDate "2004.11.15"]
[SourceQuality "1"]

1. e4 e6 2. d4 d5 3. Nd2 Nf6 4. e5 Nfd7 5. Bd3 c5 6. c3 Nc6 7. Ne2 cxd4 8. cxd4 f6 9. exf6 Nxf6 10. 0-0 Bd6 11. Nf3 Qc7 12. g3 0-0 13. Bf4 Ng4 14. Bxd6 Qxd6 15. Nc3 Kh8 16. Re1 Qb4 17. Nb5 e5 18. a3 Qe7 19. Nxe5 Ncxe5 20. f4 a6 21. Nc3 Qf6 22. dxe5 Qb6+ 0-1

[Event "POL-ch U18"]
[Site "Leba"]
[Date "2004.04.02"]
[Round "8"]
[White "Wojtaszek, Radoslaw"]
[Black "Ejsmont, Krzysztof"]
[Result "1/2-1/2"]
[WhiteElo "2480"]
[BlackElo "2232"]
[PlyCount "103"]
[EventDate "2004.03.27"]
[EventType "swiss"]
[EventRounds "11"]
[EventCountry "POL"]
[SourceTitle "EXT 2005"]
[Source "ChessBase"]
[SourceDate "2004.11.15"]
[SourceVersion "1"]
[SourceVersionDate "2004.11.15"]
[SourceQuality "1"]

1. Nf3 d5 2. e3 Nf6 3. c4 c6 4. Qc2 g6 5. b3 Bg7 6. Bb2 0-0 7. Be2 a5 8. 0-0 Bf5 9. d3 Na6 10. a3 Nc7 11. h3 Nd7 12. Nd4 e5 13. Nxf5 gxf5 14. Nd2 Ne6 15. Bf3 e4 16. Bxg7 Kxg7 17. Be2 Qg5 18. Rad1 Ne5 19. cxd5 cxd5 20. dxe4 dxe4 21. Qc3 Qf6 22. Rc1 Rfd8 23. f3 Rac8 24. Qxc8 Rxc8 25. Rxc8 Nc6 26. fxe4 Qc3 27. Nc4 f4 28. exf4 Qxb3 29. Rf3 Qb1+ 30. Kh2 Qxe4 31. Bd3 Qd4 32. Rg3+ Kf6 33. Ne3 Nxf4 34. Bxh7 Ne5 35. Rc1 Ne2 36. Rd1 Qc5 37. Nd5+ Ke6 38. Rgd3 Nd4 39. Nf4+ Kf6 40. Rf1 Kg7 41. Be4 b5 42. Rg3+ Kf8 43. h4 Qe7 44. h5 Qh4+ 45. Rh3 Ng4+ 46. Kg1 Qg5 47. Rd3 Qc5 48. Kh1 Kg7 49. Rh3 Kh6 50. Bb1 Ne6 51. Nd3 Qc7 52. Rh4 1/2-1/2

[Event "POL-ch U18"]
[Site "Leba"]
[Date "2004.03.28"]
[Round "2"]
[White "Ejsmont, Krzysztof"]
[Black "Budrewicz, Krzysztof"]
[Result "1-0"]
[WhiteElo "2232"]
[BlackElo "2130"]
[PlyCount "57"]
[EventDate "2004.03.27"]
[EventType "swiss"]
[EventRounds "11"]
[EventCountry "POL"]
[SourceTitle "EXT 2005"]
[Source "ChessBase"]
[SourceDate "2004.11.15"]
[SourceVersion "1"]
[SourceVersionDate "2004.11.15"]
[SourceQuality "1"]

1. e4 e6 2. d4 d5 3. Nc3 Nf6 4. e5 Nfd7 5. f4 c5 6. Nf3 Nc6 7. Be3 a6 8. Qd2 b5 9. dxc5 Bxc5 10. Bxc5 Nxc5 11. Qf2 Qb6 12. b4 Nd7 13. a4 Nxb4 14. axb5 Ke7 15. Qd2 Qc7 16. Nd4 Nc5 17. Na4 axb5 18. Bxb5 Nba6 19. Nc6+ Kf8 20. Nxc5 Qb6 21. Nxa6 Qxb5 22. Qb4+ Qxb4+ 23. Ncxb4 f6 24. Kd2 Kf7 25. Nc5 Rb8 26. Ra7+ Kg6 27. Nc6 Rb2 28. Ne7+ Kh6 29. Ra8 1-0